000 00499nam a2200145 a 4500
008 120416s1968 ||||||||||||||||| || u
050 _aTP 548 Tri
100 _aTritton, S. M
245 1 0 _aSuccessful wine and beer making
250 _arev. ed.
260 _aKingswood
_bGrey Owl Laboratories
_c1968
300 _a75p. : ill.
350 _a0.00
995 _D0.00
_FCBU-MAIN LIBRARY (Kitwe)
_H1
_I2.00
_UAVAILABLE
_ZAnnex Low-Usage Collection
999 _c59068
_d59068